Guess ONLY U.S. State Capitals - Statistics

General Stats
  • This quiz has been taken 119 times
  • The average score is 36 of 50
Answer Stats
State Capital City % Correct
California Sacramento
90%
Indiana Indianapolis
86%
Florida Tallahassee
86%
Georgia Atlanta
85%
Colorado Denver
85%
Arizona Phoenix
85%
Illinois Springfield
85%
Hawaii Honolulu
83%
Idaho Boise
82%
Alaska Juneau
82%
New York Albany
80%
Louisiana Baton Rouge
79%
Ohio Columbus
79%
Arkansas Little Rock
79%
Iowa Des Moines
77%
Massachusetts Boston
76%
Delaware Dover
76%
Connecticut Hartford
76%
Mississippi Jackson
76%
Texas Austin
73%
Maine Augusta
72%
Michigan Lansing
72%
Alabama Montgomery
72%
Maryland Annapolis
70%
Nevada Carson City
70%
Nebraska Lincoln
69%
Washington Olympia
69%
Kansas Topeka
69%
Pennsylvania Harrisburg
68%
Montana Helena
68%
North Carolina Raleigh
68%
Oregon Salem
68%
New Mexico Santa Fe
68%
New Jersey Trenton
68%
Kentucky Frankfort
66%
Oklahoma Oklahoma City
66%
Utah Salt Lake City
66%
South Carolina Columbia
65%
New Hampshire Concord
65%
Tennessee Nashville
65%
Minnesota St. Paul
65%
Missouri Jefferson City
63%
Wisconsin Madison
63%
South Dakota Pierre
63%
Rhode Island Providence
63%
North Dakota Bismarck
61%
Virginia Richmond
61%
Vermont Montpelier
59%
West Virginia Charleston
58%
Wyoming Cheyenne
56%
No matching quizzes found
Score Distribution
Percent of People with Each Score
Percentile by Number Answered
Your Score History
You have not taken this quiz